| 000 | 00900nam a22002417a 4500 | ||
|---|---|---|---|
| 005 | 20240530110558.0 | ||
| 008 | 160901s2014 ua f b 000 0 ara d | ||
| 017 |
_a14711/2013 _bمصر . دار الكتب المصرية |
||
| 020 | _a9789773191931 | ||
| 040 | _aEG-CaGPL | ||
| 082 | 0 | 4 |
_221 _a071.09\ _bف ت |
| 100 | 0 | _aفتحى حسين عامر | |
| 245 | 1 | 0 |
_aتاريخ الصحافة العربية / _cفتحى حسين عامر |
| 250 | _aط. 1 | ||
| 260 |
_aالقاهرة : _bالعربى للنشر و التوزيع ، _c2014 . |
||
| 300 |
_a184 ص. ؛ _c24 سم . |
||
| 504 | _aيشتمل على ارجاعات ببليوجرافية | ||
| 650 | 0 | 4 |
_aالصحافة العربية _xتاريخ |
| 650 | 0 | 4 |
_aالصحافة العربية _zافريقيا |
| 650 | 0 | 4 |
_aالصحافة العربية _zاسيا |
| 650 | 0 | 4 |
_aالصحف العربية _xتاريخ |
| 942 |
_2ddc _cBK |
||
| 999 |
_c62618 _d62618 |
||